| 000 | 01107 a2200325 4500 | ||
|---|---|---|---|
| 999 |
_c62518 _d16044 |
||
| 001 | 62518 | ||
| 003 | TR-AnTOB | ||
| 005 | 20191001104439.0 | ||
| 008 | 070726s2006 tu tur | ||
| 020 | _a975-507-150-4 | ||
| 040 |
_aTR-AnTOB _cTR-AnTOB |
||
| 041 | _atur | ||
| 050 |
_aLF5250.A55 _bA48 2006 |
||
| 090 | _aLF5250.A55 A48 2006 | ||
| 100 |
_aAltunya, Niyazi _d1942- _934369 |
||
| 245 | 0 |
_aGazi Eğitim Enstitüsü : _bGazi Orta Öğretmen Okulu ve Eğitim Enstitüsü (1926-1980) / _cNiyazi Altunya. |
|
| 264 | 1 |
_aAnkara : _bGazi Üniversitesi, _c2006. |
|
| 300 |
_aXI, 1386 s. ; _c24cm. |
||
| 336 |
_2rdacontent _atext _btxt |
||
| 337 |
_2rdamedia _aunmediated _bn |
||
| 338 |
_2rdacarrier _avolume _bnc |
||
| 490 | 0 |
_aGazi Üniversitesi Yayınları; _v3 _aHasan Ali Yücel Uygulama ve Araştırma Merkezi Yayın Dizisi ; _v1 |
|
| 500 | _aKaynakça ve dizin var. | ||
| 650 |
_aUniversities and colleges _zTurkey _zAnkara _xHistory _9105381 |
||
| 650 |
_aÜniversiteler ve yüksekokullar _zTürkiye _zAnkara _xTarih _934371 |
||
| 902 | _a0018936 | ||
| 903 | _aGT, BS | ||
| 942 |
_cBK _2lcc |
||